000 00260nam a22001217a 4500
020 _a0-7214-1440-0
082 _a823
_bDAV/C
100 _aDAVIS, JIM
245 _aCARFIELD THE HERO
260 _aUK
_bLADY BIRD
650 _aENGLISH SHORT STORY
_zUK
942 _cBK
999 _c2413
_d2413